| 000 | 00548 a2200169 4500 | ||
|---|---|---|---|
| 003 | Nust | ||
| 005 | 20230504122035.0 | ||
| 040 | _cNust | ||
| 082 | _a973,DRU | ||
| 100 |
_aDrury, Allen _9112096 |
||
| 245 |
_aAdvise and Consent / _cAllen Drury |
||
| 260 |
_aLondon _bCollins _c1960: |
||
| 300 | _a638:p | ||
| 505 | _aBob Munson’s Book (Page-15), Seab Cooley’s Book (Page-149), Brigham Anderson’s Book (Page-287), Orrin Knox’s Book (Page-467), Advise and Consent (Page-623). | ||
| 650 |
_aUniited States _91850 |
||
| 942 |
_2ddc _cBK _k973,DRU |
||
| 999 |
_c187511 _d187511 |
||